[Event "Barcelona Torxa op 4th"]
[Site "Barcelona"]
[Date "2011.09.09"]
[Round "7.2"]
[White "Castillo Dalmau, Albert"]
[Black "Albert Estebanez, Alex"]
[Result "0-1"]
[WhiteElo "1928"]
[BlackElo "1840"]
[PlyCount "56"]
[EventDate "2011.09.01"]
[EventType "swiss"]
[EventRounds "7"]
[EventCountry "ESP"]
[SourceTitle "EXT 2024"]
[Source "ChessBase"]
[SourceDate "2023.10.10"]
[SourceVersion "1"]
[SourceVersionDate "2023.10.10"]
[SourceQuality "1"]

1. c4 Nf6 2. Nf3 e6 3. Nc3 d5 4. cxd5 Nxd5 5. g3 Nc6 6. Bg2 Bb4 7. 0-0 0-0 8. Rb1 a6 9. a3 Be7 10. Qc2 h6 11. d3 Re8 12. Bf4 Nxf4 13. gxf4 Bd6 14. e3 e5 15. fxe5 Nxe5 16. Nxe5 Bxe5 17. d4 Bd6 18. Ne2 c6 19. Ng3 Qh4 20. b4 Re6 21. Rb2 Bd7 22. Qe2 Rae8 23. Qh5 Bxg3 24. Qxf7+ Kxf7 25. fxg3+ Qf6 26. Rxf6+ Rxf6 27. Re2 Bg4 28. Re1 Bf3 0-1

[Event "Llinars del Valles op-B 4th"]
[Site "Llinars del Valles"]
[Date "2010.05.08"]
[Round "5"]
[White "Albert Estebanez, Alex"]
[Black "Benet Saniger, Xavier"]
[Result "0-1"]
[WhiteElo "1608"]
[BlackElo "1744"]
[PlyCount "52"]
[EventDate "2010.04.10"]
[EventType "swiss"]
[EventRounds "7"]
[EventCountry "ESP"]
[SourceTitle "EXT 2012"]
[Source "ChessBase"]
[SourceDate "2011.11.24"]
[SourceVersion "1"]
[SourceVersionDate "2011.11.24"]
[SourceQuality "1"]

1. e4 c5 2. c3 d5 3. exd5 Qxd5 4. d4 cxd4 5. cxd4 Nc6 6. Na3 Qxd4 7. Qxd4 Nxd4 8. Be3 e5 9. Bxd4 exd4 10. Nb5 Bb4+ 11. Kd1 Ba5 12. Nf3 Bg4 13. Nbxd4 Rd8 14. Kc2 a6 15. Rd1 Nf6 16. Be2 Ne4 17. Rhf1 0-0 18. h3 Bh5 19. Bd3 Rfe8 20. Bxe4 Rxe4 21. Nb3 Re2+ 22. Kc1 Rc8+ 23. Kb1 Rcc2 24. Nxa5 Rxb2+ 25. Ka1 Rxa2+ 26. Kb1 Bg6+ 0-1